000 00661naa a2200217 i 4500
001 98370
003 ES-MaBCM
005 20241016130524.0
008 040621s2004 fra 000 0 fre d
021 _axx
035 _a(OCoLC)1365133304
040 _cES-MaBCM
041 0 _afre
043 _afra
245 0 0 _aLa loi nº 2004-391 du 4 mai 2004 relative à la formation professionnelle et au dialogue social
650 2 7 _aFormación profesional
_958741
651 4 _aFrancia
_9115364
655 4 _aLegislación comentada
_9115338
773 0 _aEn:
_tLa semaine juridique
_dParis : 2004
_w104649
_gnº 21-22, mai, p. 933-938. - Loc. S.302
942 _cAREV
999 _c98370
_d98370